| 000 -LEADER |
| fixed length control field |
01620cam a2200385 a 4500 |
| 001 - CONTROL NUMBER |
| control field |
2070803 |
| 003 - CONTROL NUMBER IDENTIFIER |
| control field |
Nust |
| 005 - DATE AND TIME OF LATEST TRANSACTION |
| control field |
20170210104259.0 |
| 008 - FIXED-LENGTH DATA ELEMENTS--GENERAL INFORMATION |
| fixed length control field |
941013s1995 nyua 000 0aeng |
| 010 ## - LIBRARY OF CONGRESS CONTROL NUMBER |
| LC control number |
94041379 |
| 020 ## - INTERNATIONAL STANDARD BOOK NUMBER |
| International Standard Book Number |
9780141315195 |
| 040 ## - CATALOGING SOURCE |
| Original cataloging agency |
DLC |
| Transcribing agency |
DLC |
| Modifying agency |
DLC |
| 041 1# - LANGUAGE CODE |
| Language code of text/sound track or separate title |
eng |
| Language code of original |
dut |
| 043 ## - GEOGRAPHIC AREA CODE |
| Geographic area code |
e-ne--- |
| 050 00 - LIBRARY OF CONGRESS CALL NUMBER |
| Classification number |
DS135.N6 |
| Item number |
F73313 1995 |
| 082 00 - DEWEY DECIMAL CLASSIFICATION NUMBER |
| Classification number |
940.5318092 |
| Author Mark |
FRA |
| 100 1# - MAIN ENTRY--PERSONAL NAME |
| Personal name |
Frank, Anne, |
| Dates associated with a name |
1929-1945. |
| 240 10 - UNIFORM TITLE |
| Uniform title |
Achterhuis. |
| Language of a work |
English |
| 245 14 - TITLE STATEMENT |
| Title |
The diary of a young girl : |
| Remainder of title |
the definitive edition / |
| Statement of responsibility, etc. |
Anne Frank ; edited by Otto H. Frank and Mirjam Pressler ; translated by Susan Massotty. |
| 250 ## - EDITION STATEMENT |
| Edition statement |
1st ed. in the U.S.A. |
| 260 ## - PUBLICATION, DISTRIBUTION, ETC. |
| Place of publication, distribution, etc. |
New York : |
| Name of publisher, distributor, etc. |
Doubleday, |
| Date of publication, distribution, etc. |
1995. |
| 300 ## - PHYSICAL DESCRIPTION |
| Extent |
viii, 426 p. : |
| Other physical details |
ill. ; |
| Dimensions |
22 cm. |
| 600 10 - SUBJECT ADDED ENTRY--PERSONAL NAME |
| Personal name |
Frank, Anne, |
| Dates associated with a name |
1929-1945 |
| General subdivision |
Diaries. |
| 650 #0 - SUBJECT ADDED ENTRY--TOPICAL TERM |
| Topical term or geographic name entry element |
Holocaust, Jewish (1939-1945) |
| Geographic subdivision |
Netherlands |
| -- |
Amsterdam |
| General subdivision |
Personal narratives. |
| 650 #0 - SUBJECT ADDED ENTRY--TOPICAL TERM |
| Topical term or geographic name entry element |
Jews |
| General subdivision |
Persecutions |
| Geographic subdivision |
Netherlands |
| -- |
Amsterdam. |
| 650 #0 - SUBJECT ADDED ENTRY--TOPICAL TERM |
| Topical term or geographic name entry element |
Jews |
| Geographic subdivision |
Netherlands |
| -- |
Amsterdam |
| General subdivision |
Diaries. |
| 651 #0 - SUBJECT ADDED ENTRY--GEOGRAPHIC NAME |
| Geographic name |
Amsterdam (Netherlands) |
| General subdivision |
Ethnic relations. |
| 700 1# - ADDED ENTRY--PERSONAL NAME |
| Personal name |
Frank, Otto, |
| Dates associated with a name |
1889-1980. |
| 700 1# - ADDED ENTRY--PERSONAL NAME |
| Personal name |
Pressler, Mirjam. |
| 700 1# - ADDED ENTRY--PERSONAL NAME |
| Personal name |
Massotty, Susan. |
| 856 42 - ELECTRONIC LOCATION AND ACCESS |
| Materials specified |
Publisher description |
| Uniform Resource Identifier |
<a href="http://www.loc.gov/catdir/description/random043/94041379.html">http://www.loc.gov/catdir/description/random043/94041379.html</a> |
| 856 42 - ELECTRONIC LOCATION AND ACCESS |
| Materials specified |
Contributor biographical information |
| Uniform Resource Identifier |
<a href="http://www.loc.gov/catdir/enhancements/fy1318/94041379-b.html">http://www.loc.gov/catdir/enhancements/fy1318/94041379-b.html</a> |
| 906 ## - LOCAL DATA ELEMENT F, LDF (RLIN) |
| a |
7 |
| b |
cbc |
| c |
orignew |
| d |
1 |
| e |
ocip |
| f |
19 |
| g |
y-gencatlg |
| 942 ## - ADDED ENTRY ELEMENTS (KOHA) |
| Source of classification or shelving scheme |
|
| Koha item type |
Book |